Loading...
| History - European | 0 | 4 | 0 | 0 | 40 | 33 | 50.50 | 1 | 3 | 0.00 | 0.00 |
| History - Other | 0 | 3 | 2 | 0 | 20 | 14 | 48.00 | 3 | 3 | 0.00 | 0.00 |
| Literature - European | 0 | 2 | 0 | 0 | 20 | 72 | 85.50 | 0 | 0 | 0.00 | 0.00 |
| Geography | 0 | 1 | 0 | 0 | 10 | 78 | 78.00 | 0 | 1 | 0.00 | 0.00 |
| History - American | 0 | 1 | 0 | 0 | 10 | 38 | 38.00 | 1 | 1 | 0.00 | 0.00 |
| Popular Culture | 0 | 1 | 0 | 0 | 10 | 92 | 92.00 | 0 | 0 | 0.00 | 0.00 |
| Literature - American | 0 | 1 | 0 | 0 | 10 | 95 | 95.00 | 0 | 0 | 0.00 | 0.00 |
| Literature - World | 0 | 1 | 0 | 0 | 10 | 78 | 78.00 | 0 | 1 | 0.00 | 0.00 |
| Fine Arts - Painting and Sculpture | 0 | 1 | 0 | 0 | 10 | 96 | 96.00 | 0 | 0 | 0.00 | 0.00 |
| Religion | 0 | 1 | 1 | 0 | 5 | 46 | 46.00 | 0 | 1 | 0.00 | 0.00 |
| History - World | 0 | 2 | 3 | 1 | 5 | 79 | 92.50 | 0 | 0 | 0.00 | 0.00 |
| Current Events | 0 | 1 | 1 | 0 | 5 | 66 | 66.00 | 1 | 1 | 0.00 | 0.00 |
| Fine Arts - Other | 0 | 0 | 1 | 0 | -5 | 0.00 | 0 | 0 | 0.00 | 0.00 | |
| Mythology | 0 | 0 | 2 | 0 | -10 | 0.00 | 0 | 0 | 0.00 | 0.00 |